000 00648nam a22002177a 4500
003 UA-OsUOA
001 57182
007 ta
008 20081205b un ||||| |||| 00| 0 ukr d
100 _aКосикова Л.
090 _a32
_bК-12
942 _cSA
040 _aUA-OsUOA
_brus
_cUA-OsUOA
_dUA-OsUOA
245 _aПроблемы консолидации стран Содружества вокруг России в условиях внутренней неоднородности региона СНГ
300 _aС.31-45
955 _a0
041 _arus
080 _a32
773 0 _w57181
650 7 _a32 Політика
_2UDC
999 _c343262
_d343262